Vấn đề tự học môn Lịch sử (khóa trình lịch sử Việt Nam) của học sinh lớp 11 (chương trình chuẩn) ở trường THPT trên địa bàn TP. Đà Nẵng

Cơ sở lý luận và thực tiễn về vấn đề tự học môn Lịch sử ở trường THPT. Hệ thống các loại hình tự học môn Lịch sử (khóa trình lịch sử Việt Nam) của học sinh lớp 11 (chương trình chuẩn) ở trường THPT trên địa bàn T.P Đà Nẵng. Một số hình thức và biện pháp tự học môn Lịch sử (khóa trình lịch sử Việt Na...

Полное описание

Сохранить в:
Библиографические подробности
Главный автор: Doãn Thị Năm
Другие авторы: Dương Thị Tuyết (Hướng dẫn)
Формат:
Язык:Vietnamese
Опубликовано: Đà Nẵng Đại học Sư phạm, Đại học Đà Nẵng 2013
Предметы:
Метки: Добавить метку
Нет меток, Требуется 1-ая метка записи!
Thư viện lưu trữ: Mạng thư viện Đại học Đà Nẵng
LEADER 02082nam a2200373 4500
001 000019079
003 15514
005 20140319150342.0
008 140305s2013 viesd
041 |a vie 
072 |a LS 
082 1 4 |a 907.12  |b DO-N 
100 1 |a Doãn Thị Năm 
245 1 0 |a Vấn đề tự học môn Lịch sử (khóa trình lịch sử Việt Nam) của học sinh lớp 11 (chương trình chuẩn) ở trường THPT trên địa bàn TP. Đà Nẵng  |c Doãn Thị Năm ; Dương Thị Tuyết hướng dẫn  |k Khóa luận tốt nghiệp 
260 |a Đà Nẵng  |b Đại học Sư phạm, Đại học Đà Nẵng  |c 2013 
300 |a 77 tr., phụ lục 30 tr.  |b Hình mh.  |c 29 cm. 
500 |a Khóa luận tốt nghiệp đại học. Chuyên ngành: Sư phạm Lịch sử 
520 |a Cơ sở lý luận và thực tiễn về vấn đề tự học môn Lịch sử ở trường THPT. Hệ thống các loại hình tự học môn Lịch sử (khóa trình lịch sử Việt Nam) của học sinh lớp 11 (chương trình chuẩn) ở trường THPT trên địa bàn T.P Đà Nẵng. Một số hình thức và biện pháp tự học môn Lịch sử (khóa trình lịch sử Việt Nam) của học sinh lớp 11 (chương trình chuẩn) ở trường THPT trên địa bàn T.P Đà Nẵng 
650 0 4 |a Lịch sử  |v Khóa luận tốt nghiệp  |x Dạy và học  |z Đà Nẵng 
653 |a Giáo dục trung học 
653 |a Tự học 
653 |a Lịch sử 11 
653 |a Khoa Lịch sử 
700 1 |a Dương Thị Tuyết  |e Hướng dẫn 
OWN |a LSP 
AVA |a UDN50  |b LSP  |d 907.12 DO-N  |e available  |t Error 5001 Not defined in file expand_doc_bib_avail.  |f 1  |g 0  |h N  |i 0  |k 1 
999 |a From the UDN01 
AVA |a UDN50  |b LSP  |d 907.12 DO-N  |e available  |t Error 5001 Not defined in file expand_doc_bib_avail.  |f 1  |g 0  |h N  |i 0  |k 1 
TYP |a Monograph 
TYP |a Printed language 
980 |a Mạng thư viện Đại học Đà Nẵng